| 000 | 00405nam a2200181Ia 4500 | ||
|---|---|---|---|
| 008 | 210210b1932 xxu||||| |||| 00| 0 eng d | ||
| 041 | _aeng | ||
| 082 | _a829/272 | ||
| 100 | _aDICKENS (C) | ||
| 245 | _aTale of two cities | ||
| 260 |
_aLondon _bMacmillan & Co. Ltd. _c1932 |
||
| 650 | _atwo | ||
| 650 | _aTale | ||
| 650 | _aof | ||
| 650 | _acities | ||
| 690 | _aEnglish Fiction | ||
| 906 | _a016877 | ||
| 999 |
_c136733 _d136733 |
||